000
00272nam a2200121Ia 4500
008
230511s1967 xx 000 0 und d
041
_a
eng
082
_a
340
100
_a
Swami Chinnanand
245
_a
Discourses on Katho Panishad
260
_c
1967
906
_a
Law
999
_c
353846
_d
353846